Northern British Columbia Cities on the Map - Statistics

General Stats
  • This quiz has been taken 110 times
  • The average score is 12 of 26
Answers on the Map
Answers color-coded by a green-red scale on the quiz's map according to % correct below.
 
Answer Stats
Status Pop Settlement % Correct
City 74.0 k Prince George
93%
City 12.2 k Prince Rupert
77%
City 9.8 k Quesnel
68%
City 11.6 k Terrace
68%
City 10.7 k Williams Lake
64%
District 1.9 k 100 Mile House
57%
Town 5.3 k Smithers
57%
District 4.4 k Vanderhoof
52%
District 8.3 k Kitimat
50%
District 2.9 k Houston
48%
Village 793 Masset
48%
Village 1.7 k Burns Lake
43%
Village 313 Hazelton
43%
District 3.7 k Mackenzie
43%
Village 988 Fraser Lake
41%
Village 616 McBride
41%
Village 852 Queen Charlotte
41%
Village 1.0 k Valemount
41%
District 1.5 k Fort St. James
39%
District 666 New Hazelton
34%
District 467 Port Edward
34%
District 401 Stewart
32%
Village 282 Port Clements
30%
Village 1.2 k Telkwa
30%
District 217 Wells
27%
Village 303 Granisle
23%
No matching quizzes found
Score Distribution
Percent of People with Each Score
Percentile by Number Answered
Your Score History
You have not taken this quiz